| 000 | 02578cam a2200601 a 4500 | ||
|---|---|---|---|
| 001 | 22369 | ||
| 003 | VRT | ||
| 005 | 20260326154838.0 | ||
| 006 | r b rn | ||
| 008 | 160610s2014 xo a b 000 f slo | ||
| 015 | _aSNBA2015/06 | ||
| 020 |
_a9788056400265 _q(viaz.) |
||
| 035 | _aurn:nbn:sk:snk-amkrl5 | ||
| 035 | _a81807708-0A37-481E-9D6B-2993C7DBE739 | ||
| 035 | _aurn:nbn:sk:snk-am004jct | ||
| 035 | _aCEB144FA-4883-4F87-B04F-4EC5227F14F8 | ||
| 035 | _aurn:nbn:sk:snk-am005cdq | ||
| 039 | 9 |
_a202511171906 _bcsnk01 _c202104151133 _dcsnk01 _c202009171332 _dcsnkv01 _c201606101308 _dVLOAD |
|
| 040 |
_aSNK _bslo _cSNK _eAACR2 |
||
| 041 | 1 |
_aslo _hger |
|
| 044 |
_axo _cSK |
||
| 072 | 7 |
_a821.112.2-3 _xNemecká próza, nemecky písaná _2konspekt |
|
| 072 | 7 |
_a821-93 _xLiteratúra pre deti a mládež (beletria) _2konspekt |
|
| 080 |
_a821.112.2(436)-32 _22001 |
||
| 080 |
_a(0:82-322.4) _22001 |
||
| 080 |
_a821-93 _22001 |
||
| 100 | 1 |
_aBrezina, Thomas, _d1963- _4aut |
|
| 240 | 1 | 0 |
_aEin Fall für dich und das Tiger-Team: Unsichtbare Ungeheuer _lSlovensky |
| 245 | 1 | 0 |
_aPrípad pre teba a Tigrí tím _pPo stopách yetiho _cThomas C. Brezina ; ilustrovala Caroline Kintzel ; [z nemeckého originálu preložila Katarína Šmidtová] |
| 246 | 3 | 0 | _aPo stopách yetiho |
| 250 | _a1. vyd. | ||
| 260 |
_aBratislava _bFragment _c2014 |
||
| 300 |
_a126 s. _bilustr. _c19 cm _e1 plast. lupa |
||
| 490 | 1 | _aTigrí tím | |
| 521 | 1 | _aPre čitateľov od 9 rokov | |
| 655 | 7 |
_arakúske príbehy _2SNKPH |
|
| 655 | 7 |
_adetektívne príbehy _2SNKPH |
|
| 655 | 7 |
_apublikácie pre deti _2SNKPH |
|
| 655 | 7 |
_aAustrian stories _2SNKPHeng |
|
| 655 | 7 |
_aDetective stories _2SNKPHeng |
|
| 655 | 7 |
_aChildren’s literature _2SNKPHeng |
|
| 700 | 1 |
_aKintzel, Caroline, _d1979- _4ill |
|
| 700 | 1 |
_aŠmidtová, Katarína _4trl |
|
| 830 | 0 | _aTigrí tím | |
| 942 |
_2ddc _cKLDE _n0 |
||
| 949 |
_6270001000480401 _91 plastová lupa _asvkbbA 143932 _bsvkbbm 751273 |
||
| 949 |
_617A1138093 _asnkSD 83942 _bsnk2015/5502 _o394/15 _s6100:20140925 |
||
| 949 |
_617A1138091 _asnkSD 83942 D1 _bsnk2015/5503 _o394/15 |
||
| 949 |
_617A1138094 _asnkSD 83942/príl. _bsnk2015/5502 _o394/15 _ppríloha plast. lupa _qpríloha plast. lupa _rpríloha plast. lupa _s6100:20140925 |
||
| 949 |
_617A1138092 _asnkSD 83942/príl. D1 _bsnk2015/5503 _o394/15 _ppríloha plast. lupa _qpríloha plast. lupa _rpríloha plast. lupa |
||
| 949 |
_62889301186 _asavukPV 20426 _bsavuk2015/1101 _qSkontrolovať vrátenie 1 plast. lupy _rSúčasťou knihy 1 plast. lupa |
||
| 999 |
_c22369 _d22369 |
||